[Event "Indywidualne Mistrzostwa Polski Juniorow do lat 18 - Dziewczeta"]
[Site "Szklarska Poreba"]
[Date "1899-12-30"]
[Round "7.4"]
[White "Rudzinska, Michalina"]
[Black "Dwilewicz, Agata"]
[Result "1-0"]
[WhiteTitle "WFM"]
[BlackTitle "k"]
[WhiteElo "2065"]
[BlackElo "1674"]

1. e4 e5 2. Nf3 Nc6 3. Nc3 Nf6 4. Bb5 d6 5. d4 exd4 6. Nxd4 Bd7 7. O-O Be7 8. Bxc6
bxc6 9. Re1 O-O 10. Bf4 Re8 11. h3 Rb8 12. b3 c5 13. Nf3 Nh5 14. Bh2 Nf6 15. e5
dxe5 16. Nxe5 Bd6 17. Qf3 Re6 18. Nxd7 Qxd7 19. Rxe6 Qxe6 20. Rd1 Bxh2+ 21. Kxh2
c4 22. Ne2 cxb3 23. axb3 Qe5+ 24. g3 Re8 25. Nd4 h6 26. Rd3 Qc5 27. c4 a5 28.
Nf5 Kh7 29. Ne3 Kg8 30. Nd5 Nxd5 31. Rxd5 Qc6 32. Qf5 g6 33. Qf4 Kg7 34. Rxa5
Re1 35. Rd5 Qe6 36. Qd4+ Qf6 37. b4 Rb1 38. b5 Qxd4 39. Rxd4 Rc1 40. Kg2 Kf6 41.
Kf3 Ke6 42. Ke3 h5 43. Kd2 Rb1 44. Kc3 Ke7 45. Rd2 g5 46. Rd5 f6 47. h4 Rf1 48.
hxg5 fxg5 49. Rxg5 Rxf2 50. Kd4 h4 51. Re5+ Kf6 52. gxh4 Rd2+ 53. Kc3 Rd7 54.
Re2 Kf5 55. h5 Rh7 56. Rh2 Rh6 57. Kd4 Ke6 58. c5 Kd7 59. Kd5 Ke7 60. Ke5 Kf7
61. Kf5 Kg7 62. Kg5 Re6 63. h6+ Kh7 64. Kf5 Rg6 65. Re2 c6 66. Re7+ Kxh6 67. Re6
Rxe6 68. Kxe6 cxb5 69. c6 1-0

[Event "Indywidualne Mistrzostwa Polski Juniorow do lat 18 - Dziewczeta"]
[Site "Szklarska Poreba"]
[Date "1899-12-30"]
[Round "7.5"]
[White "Frej, Zofia"]
[Black "Kaczmarska, Joanna"]
[Result "0-1"]
[WhiteTitle "k"]
[BlackTitle "k+"]
[WhiteElo "2010"]
[BlackElo "2048"]

1. e4 e6 2. d4 d5 3. Nc3 Bb4 4. Qd3 dxe4 5. Qxe4 Nf6 6. Qh4 c6 7. Bd3 Nbd7 8. Nf3
Qe7 9. O-O Nb6 10. Bg5 Qd8 11. Rfe1 Nbd5 12. Nxd5 cxd5 13. c3 Be7 14. Ne5 h6 15.
Re3 a6 16. Rf3 Bd7 17. Bxf6 Bxf6 18. Qh5 Rf8 19. Re1 Qe7 20. Nxf7 Rxf7 21. Bg6
Kf8 22. g4 Be8 23. Qh3 Bg5 24. Bxf7 Bxf7 25. Qg3 Kg8 26. Qe5 Bf6 27. Qe2 Re8 28.
Rh3 Qd6 29. Kg2 Bg6 30. Re3 Qf4 31. f3 Bf7 32. Qf2 Qg5 33. Qg3 h5 34. f4 Qxg4
35. Qxg4 hxg4 36. f5 Kf8 37. fxe6 Bg6 38. Kg3 Be4 39. Rxe4 dxe4 40. Rxe4 Ke7 41.
Kxg4 Rd8 42. Re2 Rd6 43. Kf5 Rd5+ 44. Kf4 g6 45. Rg2 g5+ 46. Kg4 Rd6 47. b3 Rxe6
48. Kf5 Re3 49. c4 Rf3+ 50. Kg6 Bxd4 51. Kxg5 Rf2 52. Rxf2 Bxf2 53. Kf5 Kd6 54.
Ke4 Kc5 55. a3 Bh4 56. Kd3 a5 57. Kc3 Bf6+ 58. Kc2 b6 59. h3 a4 0-1

[Event "Indywidualne Mistrzostwa Polski Juniorow do lat 18 - Dziewczeta"]
[Site "Szklarska Poreba"]
[Date "1899-12-30"]
[Round "7.6"]
[White "Kulpa, Zuzanna"]
[Black "Michalska, Aleksandra"]
[Result "1-0"]
[WhiteTitle "I++"]
[BlackTitle "I++"]
[WhiteElo "1870"]
[BlackElo "1741"]

1. d4 d5 2. c4 dxc4 3. e4 e5 4. Nf3 exd4 5. Bxc4 Bb4+ 6. Nbd2 Nc6 7. O-O Qe7 8.
Nb3 Nf6 9. a3 Bc5 10. e5 Ng8 11. Bg5 Qf8 12. Nbxd4 Nxd4 13. Nxd4 Bxd4 14. Qxd4
Be6 15. Rad1 Ne7 16. Bxe6 fxe6 17. Qd7+ Kf7 18. Rd3 Qe8 19. Rf3+ Kg6 20. Qxe6+
Kxg5 21. Rg3+ Kf4 22. Rg4# 1-0

[Event "Indywidualne Mistrzostwa Polski Juniorow do lat 18 - Dziewczeta"]
[Site "Szklarska Poreba"]
[Date "1899-12-30"]
[Round "7.7"]
[White "Gredka, Dominika"]
[Black "Skiba, Aleksandra"]
[Result "0-1"]
[WhiteTitle "I++"]
[BlackTitle "I++"]
[WhiteElo "1732"]
[BlackElo "1743"]

1. e4 c5 2. c3 d5 3. exd5 Qxd5 4. d4 Nf6 5. Nf3 Bg4 6. Be2 e6 7. O-O Nc6 8. h3
Bh5 9. Be3 cxd4 10. cxd4 Be7 11. Nc3 Qd6 12. Qb3 O-O 13. Rfd1 Rfd8 14. Rac1 Rac8
15. a3 h6 16. Rc2 Rb8 17. Rcd2 Nd5 18. Ne4 Qc7 19. Ng3 Bxf3 20. Bxf3 Nxe3 21.
Qxe3 Bg5 22. Qe4 Bxd2 23. Rxd2 Ne7 24. Rd1 Nd5 25. Nh5 Qe7 26. Be2 Nf6 27. Nxf6+
Qxf6 28. Bd3 g6 29. Bc2 Rd5 30. Bb3 Rd6 31. d5 Rbd8 32. Qe3 Kg7 33. Qxa7 exd5
34. Qxb7 Rb6 0-1

[Event "Indywidualne Mistrzostwa Polski Juniorow do lat 18 - Dziewczeta"]
[Site "Szklarska Poreba"]
[Date "1899-12-30"]
[Round "7.8"]
[White "Leczek, Weronika"]
[Black "Krzywnicka, Maria"]
[Result "1-0"]
[WhiteTitle "k"]
[BlackTitle "I++"]
[WhiteElo "1823"]
[BlackElo "1703"]

1. e4 c5 2. Nf3 d6 3. d4 cxd4 4. Nxd4 Nf6 5. Nc3 a6 6. g3 e5 7. Nde2 Be7 8. Bg2
O-O 9. O-O Nbd7 10. Nd5 Nxd5 11. Qxd5 Nf6 12. Qd3 Be6 13. c4 b5 14. cxb5 axb5
15. Qxb5 Qc7 16. Qd3 Rxa2 17. Rxa2 Bxa2 18. Bd2 Qb7 19. Ra1 Be6 20. Bc3 Rc8 21.
Qe3 Rc5 22. b4 Ng4 23. Qd2 Rc4 24. h3 Nf6 25. Qe3 Rc7 26. f4 Nd7 27. Ra5 h6 28.
Kh2 Bc4 29. Be1 Bf6 30. Nc3 exf4 31. gxf4 Nb6 32. e5 1-0

[Event "Indywidualne Mistrzostwa Polski Juniorow do lat 18 - Dziewczeta"]
[Site "Szklarska Poreba"]
[Date "1899-12-30"]
[Round "7.9"]
[White "Kindler, Karolina"]
[Black "Buchta, Agnieszka"]
[Result "1/2-1/2"]
[WhiteTitle "I++"]
[BlackTitle "I++"]
[WhiteElo "1604"]
[BlackElo "1792"]

1. Nf3 Nf6 2. c4 d6 3. d4 Nbd7 4. Bf4 g6 5. h3 Bg7 6. Nc3 O-O 7. e3 e6 8. Be2 Qe7
9. O-O e5 10. dxe5 dxe5 11. Bh2 e4 12. Nd4 c6 13. Qa4 Ne5 14. Qa5 Re8 15. Rfd1
Bd7 16. Rd2 b6 17. Qa6 Bc8 18. Qa4 Bd7 19. Qc2 c5 20. Ndb5 Bc6 21. Nd6 Red8 22.
Rad1 Ned7 23. Ncb5 Nf8 24. Nc3 Rd7 25. Ndb5 Rxd2 26. Rxd2 a6 27. Nc7 Ra7 28. Bd6
Qd7 29. Bf4 Qc8 30. N3d5 Bxd5 31. Nxd5 Nxd5 1/2-1/2

[Event "Indywidualne Mistrzostwa Polski Juniorow do lat 18 - Dziewczeta"]
[Site "Szklarska Poreba"]
[Date "1899-12-30"]
[Round "7.10"]
[White "Choinska, Debora"]
[Black "Orlik, Sandra"]
[Result "0-1"]
[WhiteTitle "I++"]
[BlackTitle "I++"]
[WhiteElo "1717"]
[BlackElo "1681"]

1. e4 c5 2. Nf3 e6 3. d4 cxd4 4. Nxd4 a6 5. Bd3 Bc5 6. Nb3 Be7 7. Qg4 Bf6 8. O-O
Nc6 9. f4 d6 10. Nc3 Nge7 11. Be3 b5 12. a3 O-O 13. Rad1 Qc7 14. Nd2 Bxc3 15.
bxc3 f5 16. Qh5 g6 17. Qh6 fxe4 18. Bxe4 Nf5 19. Bxf5 Rxf5 20. g4 Rf8 21. Nf3
d5 22. Nd4 Nd8 23. Bd2 Nf7 24. Qh4 Nd6 25. Nf3 Ne4 26. Ng5 Qe7 27. Qh6 Nxd2 28.
Rxd2 Qg7 29. Qxg7+ Kxg7 30. Re2 Rf6 31. Kg2 Ra7 32. Kg3 Rc7 33. Rf3 Rc4 34. Re1
Ra4 35. Ra1 Bd7 36. Nh3 Rf8 37. Ng1 h6 38. Ne2 e5 39. h3 Re4 40. Rf2 Re3+ 41.
Kg2 exf4 42. Nxf4 Rxc3 43. Ra2 Rf7 44. Nd3 Rxf2+ 45. Kxf2 d4 46. Ke2 Be6 47. Rb2
Rxa3 48. Rb4 Bc4 49. Kd2 a5 50. Rb1 Bxd3 51. cxd3 Ra2+ 52. Kd1 b4 53. Ke1 Rh2
54. Rb3 Kf6 55. Kf1 Ke5 56. Kg1 Rd2 57. Kf1 Kf4 58. Ke1 Ke3 59. h4 Rxd3 60. Rb2
Kf3 0-1

[Event "Indywidualne Mistrzostwa Polski Juniorow do lat 18 - Dziewczeta"]
[Site "Szklarska Poreba"]
[Date "1899-12-30"]
[Round "7.11"]
[White "Koruch, Maria"]
[Black "Guzik, Natalia"]
[Result "1/2-1/2"]
[WhiteTitle "I+"]
[BlackTitle "I++"]
[WhiteElo "1685"]
[BlackElo "1662"]

1. e4 c5 2. Nf3 Nc6 3. d4 cxd4 4. Nxd4 g6 5. c4 Nf6 6. Nc3 d6 7. Be2 Nxd4 8. Qxd4
Bg7 9. Be3 O-O 10. Qd2 a5 11. Rd1 a4 12. O-O Be6 13. Bd4 Qa5 14. f4 Rfc8 15. b3
axb3 16. axb3 Qb4 17. f5 Bd7 18. Bxf6 Bxf6 19. Nd5 Qxd2 20. Nxf6+ Kg7 21. Nh5+
gxh5 22. Rxd2 Kf6 23. b4 b6 24. b5 Ra4 25. Rd5 Rc7 26. Rfd1 Bc8 27. Kf2 Bb7 28.
R5d4 Ke5 29. Ke3 Ra3+ 30. R4d3 Rxd3+ 31. Bxd3 Rc8 32. Ra1 Ra8 33. Rxa8 Bxa8 34.
g3 e6 35. fxe6 fxe6 36. h4 Bb7 37. Bc2 h6 38. Bd3 Ba8 39. Bc2 Kf6 40. Kd4 e5+
41. Ke3 Bb7 1/2-1/2

[Event "Indywidualne Mistrzostwa Polski Juniorow do lat 18 - Dziewczeta"]
[Site "Szklarska Poreba"]
[Date "1899-12-30"]
[Round "7.12"]
[White "Sivickis, Wiktoria"]
[Black "Moscicka, Pola"]
[Result "1/2-1/2"]
[WhiteTitle "I++"]
[BlackTitle "k++"]
[WhiteElo "1611"]
[BlackElo "1994"]

1. Nf3 Nf6 2. g3 c5 3. d3 Nc6 4. Bg2 g6 5. O-O Bg7 6. e4 d6 7. c3 O-O 8. Qc2 Bd7
9. a4 Rc8 10. Nbd2 a6 11. Nc4 b5 12. axb5 axb5 13. Ne3 e6 14. Nh4 Qb6 15. f4 Ne7
16. Qe2 d5 17. e5 Ne8 18. Nc2 Nc6 19. Kh1 b4 20. Bd2 Nc7 21. Nf3 b3 22. Na3 Ra8
23. Be3 Ra5 24. c4 Rfa8 25. Rfb1 Nb4 26. Bd2 Ra4 27. Ne1 Bc6 28. Qd1 Nba6 29.
Rc1 d4 30. Bxc6 Qxc6+ 31. Kg1 Qb7 32. Nf3 Nb4 33. Ne1 Nc6 34. Qf3 Qb6 35. Qd1
f6 36. exf6 Bxf6 37. Nf3 e5 38. fxe5 Nxe5 39. Bf4 Ng4 40. Qd2 Ne6 41. Re1 Nxf4
42. Qxf4 Ne3 43. Nd2 Bg7 44. Ne4 Rf8 45. Qd6 Qxd6 46. Nxd6 Rxa3 47. Rxa3 Nc2 48.
Rb1 Nxa3 1/2-1/2

[Event "Indywidualne Mistrzostwa Polski Juniorow do lat 18 - Dziewczeta"]
[Site "Szklarska Poreba"]
[Date "1899-12-30"]
[Round "7.13"]
[White "Trembowiecka-wysota, Aleksandra"]
[Black "Karlyk, Maria"]
[Result "1/2-1/2"]
[WhiteTitle "I"]
[BlackTitle "I"]
[WhiteElo "1669"]
[BlackElo "1725"]

1. e4 d5 2. exd5 Nf6 3. d4 Nxd5 4. c4 Nf6 5. Nc3 e6 6. Nf3 Be7 7. Be2 O-O 8. O-O
Nbd7 9. Bf4 a6 10. Qc2 b6 11. a3 Bb7 12. b4 Bd6 13. Bd2 c5 14. dxc5 bxc5 15. b5
Qc7 16. h3 Bf4 17. a4 Rfd8 18. Bxf4 Qxf4 19. g3 Qc7 20. Rfd1 a5 21. Qc1 Ne5 22.
Nxe5 Qxe5 23. Qe3 Qc7 24. Bf3 Bxf3 25. Qxf3 Kf8 26. Qe3 Qb6 27. Qe5 Nd7 28. Qe4
Nf6 29. Qe5 Nd7 30. Qe4 Nf6 31. Qe5 Nd7 1/2-1/2

[Event "Indywidualne Mistrzostwa Polski Juniorow do lat 18 - Dziewczeta"]
[Site "Szklarska Poreba"]
[Date "1899-12-30"]
[Round "7.14"]
[White "Borek, Dominika"]
[Black "Bilczewska, Olga"]
[Result "0-1"]
[WhiteTitle "I"]
[BlackTitle "I+"]
[WhiteElo "1282"]
[BlackElo "1670"]

1. d4 Nf6 2. c4 c5 3. d5 e6 4. Bg5 exd5 5. cxd5 h6 6. Bxf6 Qxf6 7. Nc3 d6 8. e3
g6 9. Bb5+ Nd7 10. Nf3 Bg7 11. Qb3 Rb8 12. Qa4 a6 13. Bxd7+ Bxd7 14. Qe4+ Qe7
15. Qxe7+ Kxe7 16. Rc1 b5 17. Kd2 b4 18. Nd1 Bf5 19. Rc4 Bb1 20. a3 Ba2 21. Rc1
Bxd5 22. Re1 f5 23. axb4 Rxb4 24. Re2 Bxb2 25. Nxb2 Rxb2+ 26. Ke1 Rxe2+ 27. Kxe2
Rb8 28. Ne1 Rb2+ 29. Kf1 g5 30. f3 a5 31. Ra1 Ra2 32. Rb1 a4 33. Kg1 a3 34. Nd3
Rd2 35. Nc1 Rb2 36. Ra1 a2 0-1

[Event "Indywidualne Mistrzostwa Polski Juniorow do lat 18 - Dziewczeta"]
[Site "Szklarska Poreba"]
[Date "1899-12-30"]
[Round "7.15"]
[White "Ossolinska, Matylda"]
[Black "Hryn, Zofia"]
[Result "0-1"]
[WhiteTitle "I+"]
[BlackTitle "I++"]
[WhiteElo "1665"]
[BlackElo "1592"]

1. e4 d6 2. d4 Nf6 3. Nc3 e5 4. Nf3 Nbd7 5. Bc4 Be7 6. O-O O-O 7. Re1 c6 8. a4
a5 9. dxe5 dxe5 10. Qe2 Qc7 11. Bg5 Nb6 12. Bb3 h6 13. Bh4 Bg4 14. h3 Bh5 15.
Qe3 Nbd7 16. Qc1 Nc5 17. Bc4 Bxf3 18. gxf3 Nh5 19. Bg3 Qc8 20. Kh2 Bg5 21. Qb1
Nf4 22. Bf1 Qd8 23. Rd1 Qe7 24. Qa2 Nce6 25. Ne2 Nxe2 26. Bxe2 Nd4 27. Rxd4 exd4
28. Qc4 Rfd8 29. Rg1 Bh4 30. Bd3 Bxg3+ 31. Rxg3 Qe5 32. Kg2 Rd6 33. Qb3 b5 34.
Qa2 Kf8 35. Qa1 Rg6 36. b3 Rxg3+ 37. fxg3 Qc5 38. h4 Qb4 39. Kh3 Rb8 40. Qa2 bxa4
41. bxa4 Qc3 42. Ba6 Rb2 43. Qa1 Rxc2 44. Qb1 Rb2 45. Qa1 Rh2+ 0-1

[Event "Indywidualne Mistrzostwa Polski Juniorow do lat 18 - Dziewczeta"]
[Site "Szklarska Poreba"]
[Date "1899-12-30"]
[Round "7.16"]
[White "Pyzio, Amelia"]
[Black "Samujlo, Agnieszka"]
[Result "1-0"]
[WhiteTitle "I++"]
[BlackTitle "I++"]
[WhiteElo "1760"]
[BlackElo "1419"]

1. e4 c5 2. Nf3 e6 3. d4 cxd4 4. Nxd4 a6 5. c4 Nc6 6. a3 Nf6 7. Nc3 Qa5 8. Nb3
Qc7 9. Be3 Be7 10. Be2 O-O 11. Rc1 Re8 12. Qd2 Ne5 13. Bf4 Bd6 14. Bg3 Nxc4 15.
Bxc4 Bxg3 16. hxg3 Qxc4 17. Na5 Qc7 18. Nd5 Qe5 19. Nc7 Nxe4 20. Qe3 Rb8 21. Nxe8
Qxa5+ 22. b4 Qd5 23. O-O b5 24. Rfd1 Qf5 25. Nd6 Nxd6 26. Rxd6 Qf6 27. Qa7 Qb2
28. Rc5 Qb1+ 29. Kh2 Qg6 30. Qxb8 1-0

[Event "Indywidualne Mistrzostwa Polski Juniorow do lat 18 - Dziewczeta"]
[Site "Szklarska Poreba"]
[Date "1899-12-30"]
[Round "7.17"]
[White "Trusz, Julia"]
[Black "Zamarska, Sylwia"]
[Result "1/2-1/2"]
[WhiteTitle "I+"]
[BlackTitle "I++"]
[WhiteElo "1635"]
[BlackElo "1657"]

1. e4 c6 2. d4 d5 3. exd5 cxd5 4. Bd3 Nc6 5. c3 Qc7 6. h3 Nf6 7. Nf3 g6 8. Qc2
Bg7 9. O-O O-O 10. Re1 Nd7 11. Be3 e5 12. dxe5 Ndxe5 13. Nxe5 Nxe5 14. Bd4 Nxd3
15. Qxd3 Bf5 16. Qd2 Qd7 17. Bxg7 Kxg7 18. Qd4+ Kg8 19. Nd2 Qb5 20. Nb3 Bc2 21.
Qc5 Qxc5 22. Nxc5 b6 23. Nb3 Bxb3 24. axb3 Rfd8 25. Rad1 Rd6 26. Rd4 Rad8 27.
Red1 f5 28. c4 Kf7 29. cxd5 g5 30. f3 Kf6 31. R4d3 Ke5 32. Re1+ Kf6 33. Red1 Ke5
1/2-1/2

[Event "Indywidualne Mistrzostwa Polski Juniorow do lat 18 - Dziewczeta"]
[Site "Szklarska Poreba"]
[Date "1899-12-30"]
[Round "7.18"]
[White "Bohdanowicz, Nikola"]
[Black "Surpeta, Julia"]
[Result "0-1"]
[WhiteTitle "I"]
[BlackTitle "I++"]
[WhiteElo "1402"]
[BlackElo "1583"]

1. d4 Nf6 2. Nf3 g6 3. Bg5 Bg7 4. e3 d6 5. Be2 Nbd7 6. c4 O-O 7. Nc3 e5 8. d5 h6
9. Bxf6 Nxf6 10. O-O Qe7 11. Qc2 c6 12. e4 Nh5 13. g3 Kh7 14. Qd1 f5 15. Nh4 Nf4
16. exf5 gxf5 17. Bh5 Qg5 18. Be2 Nxe2+ 19. Qxe2 e4 20. Ng2 Bd7 21. h4 Qe7 22.
Nf4 Be5 23. Qe3 Rg8 24. Kh1 Rg4 25. Nce2 Re8 26. Rab1 c5 27. a3 b6 28. b3 Bd4
29. Qd2 e3 30. Qd3 Rxh4+ 31. gxh4 Qxh4+ 32. Kg1 exf2+ 33. Rxf2 Qxf2+ 34. Kh1 Re3
35. Qd1 Qf3+ 36. Kh2 Qf2+ 37. Kh1 Qh4+ 38. Kg2 Qg4+ 39. Kf1 Qf3+ 40. Ke1 Qxf4
41. Kd2 Rxe2+ 42. Kxe2 Qe3+ 43. Kf1 Qf2# 0-1

[Event "Indywidualne Mistrzostwa Polski Juniorow do lat 18 - Dziewczeta"]
[Site "Szklarska Poreba"]
[Date "1899-12-30"]
[Round "7.19"]
[White "Borsuk, Aleksandra"]
[Black "Dixa, Joanna"]
[Result "1/2-1/2"]
[WhiteTitle "I"]
[BlackTitle "I"]
[WhiteElo "1307"]
[BlackElo "1337"]

1. e4 c5 2. g3 e6 3. Bg2 d5 4. exd5 exd5 5. Nf3 Nf6 6. O-O Be7 7. d4 O-O 8. Be3
Qc7 9. c3 Bf5 10. Nbd2 Nbd7 11. Re1 Rfe8 12. dxc5 Nxc5 13. Nb3 Rad8 14. Bxc5 Bxc5
15. Nxc5 Qxc5 16. Qd4 Qb5 17. b3 a6 18. c4 dxc4 19. Qxc4 Qb6 20. Rxe8+ Rxe8 21.
Qd4 Qc7 22. Re1 Rxe1+ 23. Nxe1 h6 24. Qd2 b6 25. Qd1 Qc5 26. Qd2 Ne4 27. Bxe4
Bxe4 28. Qe2 Bb7 29. Qe8+ Qf8 30. Qxf8+ Kxf8 31. Kf1 Ke7 32. Ke2 Kd6 33. Kd3 Kc5
34. Kc3 Be4 35. a3 b5 36. Nd3+ Bxd3 37. Kxd3 a5 38. Kc3 b4+ 39. axb4+ axb4+ 40.
Kd3 Kd5 41. f4 f5 42. Ke3 h5 43. Kd3 Kc5 1/2-1/2

[Event "Indywidualne Mistrzostwa Polski Juniorow do lat 18 - Dziewczeta"]
[Site "Szklarska Poreba"]
[Date "1899-12-30"]
[Round "8.1"]
[White "Sowa, Wiktoria"]
[Black "Sliwicka, Alicja"]
[Result "1-0"]
[WhiteTitle "k"]
[BlackTitle "WIM"]
[WhiteElo "1954"]
[BlackElo "2264"]

1. e4 e5 2. Nf3 Nc6 3. Bb5 a6 4. Ba4 Nf6 5. O-O b5 6. Bb3 Bb7 7. Re1 Bc5 8. c3
d6 9. d4 Bb6 10. Be3 exd4 11. cxd4 O-O 12. d5 Ne7 13. Bxb6 cxb6 14. Nbd2 Nd7 15.
Nf1 Nc5 16. Ng3 f5 17. Nxf5 Nxf5 18. exf5 Qf6 19. Bc2 Rae8 20. b4 Nd7 21. Re6
Rxe6 22. fxe6 Ne5 23. Be4 a5 24. bxa5 bxa5 25. Rb1 b4 26. Nxe5 Qxe5 27. Qd3 h6
28. Re1 Kh8 29. Qd2 Qf6 30. Bc2 Kg8 31. Qe3 Re8 32. Qe4 g6 33. Qxg6+ Qxg6 34.
Bxg6 Re7 35. Be4 Rc7 36. f4 Kg7 37. Re3 a4 38. Rg3+ Kf8 39. f5 b3 40. f6 bxa2
41. Ra3 Rc1+ 42. Kf2 a1=Q 43. Rxa1 Rxa1 44. e7+ Kf7 45. Bg6+ Kxf6 46. e8=Q Ra2+
47. Kg3 Bxd5 48. Be4 Bf7 49. Qh8+ Ke7 50. Qxh6 a3 51. Qg5+ Kd7 52. Qg7 Ke8 53.
Bc6+ 1-0

[Event "Indywidualne Mistrzostwa Polski Juniorow do lat 18 - Dziewczeta"]
[Site "Szklarska Poreba"]
[Date "1899-12-30"]
[Round "8.2"]
[White "Swiech, Joanna"]
[Black "Rudzinska, Michalina"]
[Result "0-1"]
[WhiteTitle "k"]
[BlackTitle "WFM"]
[WhiteElo "1921"]
[BlackElo "2065"]

1. c4 e5 2. g3 Nc6 3. Bg2 g6 4. Nc3 Bg7 5. e3 d6 6. Nge2 Nge7 7. O-O O-O 8. d4
exd4 9. Nxd4 Nxd4 10. exd4 Nf5 11. Be3 Re8 12. Qd3 Nxe3 13. fxe3 c6 14. Kh1 h5
15. Rad1 Bg4 16. Bf3 Qg5 17. e4 Rad8 18. Bxg4 hxg4 19. Qc2 Re6 20. d5 Rf6 21.
dxc6 bxc6 22. Rxf6 Bxf6 23. Qf2 Bxc3 24. bxc3 Re8 25. Qxa7 Qf6 26. Qe3 d5 27.
cxd5 cxd5 28. e5 Rxe5 29. Qf4 Qe6 30. Rf1 Re1 31. Kg2 Rxf1 32. Kxf1 Qa6+ 33. Kg1
Qxa2 34. Qb8+ Kh7 35. Qb7 Kg7 36. Qc7 Qb1+ 37. Kg2 Qe4+ 38. Kg1 Kf6 39. Qd8+ Kf5
40. Qd7+ Qe6 41. Qc7 Ke4 42. Qf4+ Kd3 43. Qd4+ Kc2 44. Qc5 Qe1+ 45. Kg2 Qe4+ 46.
Kg1 Kd2 47. Qf2+ Kxc3 48. Qxf7 Qe3+ 49. Kg2 Qf3+ 0-1

[Event "Indywidualne Mistrzostwa Polski Juniorow do lat 18 - Dziewczeta"]
[Site "Szklarska Poreba"]
[Date "1899-12-30"]
[Round "8.3"]
[White "Kucharska, Honorata"]
[Black "Kulpa, Zuzanna"]
[Result "1-0"]
[WhiteTitle "WFM"]
[BlackTitle "I++"]
[WhiteElo "2089"]
[BlackElo "1870"]

1. d4 d5 2. Nc3 Nf6 3. Bf4 Bf5 4. f3 e6 5. g4 Bg6 6. h4 h5 7. g5 Nfd7 8. Qd2 Nb6
9. e3 Nc6 10. Nh3 Qd7 11. a3 a6 12. Bh2 f6 13. Nf4 Bf7 14. O-O-O O-O-O 15. Na2
Kb8 16. g6 Bg8 17. Bh3 Bd6 18. Qc3 Qe8 19. Bf1 e5 20. Nh3 Be6 21. Nf2 Bf5 22.
f4 Bxg6 23. Rg1 Rg8 24. Kb1 Bf7 25. Nc1 exd4 26. exd4 Qd7 27. Nb3 Rde8 28. Nd3
Na4 29. Qd2 Qe7 30. Re1 Qd7 31. Rxe8+ Qxe8 32. Bh3 Qd8 33. Ndc5 Nxc5 34. dxc5
Be7 35. Rd1 f5 36. Bxf5 Bxh4 37. Qg2 Qe7 38. Bh7 Rh8 39. Bd3 Bf6 40. Be2 Qe6 41.
Bf3 Rd8 42. Bg3 Qf5 43. Rd3 a5 44. Qd2 a4 45. Na5 Nxa5 46. Qxa5 Qd7 47. Bf2 Qc6
48. f5 Qa6 49. Qb4 Be5 50. Be2 Qa8 51. Re3 Bf6 52. Bb5 d4 53. Re1 Kc8 54. Bxa4
c6 55. Bb3 Bxb3 56. Qxb3 Qa5 57. Qc4 Rd5 58. Re8+ Kd7 59. Qe2 Qxc5 60. Bg3 Be7
61. Rb8 Rxf5 62. Rxb7+ Kd8 63. b4 Qd5 1-0

[Event "Indywidualne Mistrzostwa Polski Juniorow do lat 18 - Dziewczeta"]
[Site "Szklarska Poreba"]
[Date "1899-12-30"]
[Round "8.4"]
[White "Kaczmarska, Joanna"]
[Black "Skiba, Aleksandra"]
[Result "1-0"]
[WhiteTitle "k+"]
[BlackTitle "I++"]
[WhiteElo "2048"]
[BlackElo "1743"]

1. e4 c5 2. Nf3 Nc6 3. d4 cxd4 4. Nxd4 e5 5. Nb5 d6 6. N1c3 a6 7. Na3 b5 8. Nd5
Nge7 9. c4 Nd4 10. cxb5 Nxd5 11. exd5 Be7 12. Bd3 O-O 13. O-O f5 14. Be3 Nxb5
15. Nxb5 axb5 16. Bxb5 f4 17. Bd2 Bg5 18. Bd3 f3 19. Be4 fxg2 20. Bxg2 Bf4 21.
Bxf4 Rxf4 22. Qd2 Bg4 23. Qe3 Qd7 24. h3 Bh5 25. b3 Raf8 26. f3 Bxf3 27. Rxf3
Rxf3 28. Bxf3 Qxh3 29. Kf2 Qh2+ 30. Ke1 h5 31. Rd1 h4 32. Rd2 Qg3+ 33. Rf2 h3
34. Ke2 h2 35. Bh1 Qg4+ 36. Kd2 Qb4+ 37. Kc2 Rc8+ 38. Kb2 Qh4 39. Rf1 Qh7 40.
Be4 Qh4 41. Qf3 Qe7 42. Qh3 g5 43. Qxc8+ 1-0

[Event "Indywidualne Mistrzostwa Polski Juniorow do lat 18 - Dziewczeta"]
[Site "Szklarska Poreba"]
[Date "1899-12-30"]
[Round "8.5"]
[White "Orlik, Sandra"]
[Black "Szelag, Zuzanna"]
[Result "1-0"]
[WhiteTitle "I++"]
[BlackTitle "k"]
[WhiteElo "1681"]
[BlackElo "1977"]

1. e4 c5 2. Nf3 d6 3. d4 cxd4 4. Nxd4 Nf6 5. Nc3 a6 6. Be2 e5 7. Nb3 Be7 8. O-O
O-O 9. Qd3 Be6 10. Nd5 Bxd5 11. exd5 b5 12. a4 b4 13. a5 Nbd7 14. Rd1 Qc7 15.
Bd2 Rfc8 16. c4 bxc3 17. Bxc3 Qb7 18. Ra3 Nc5 19. Nxc5 Rxc5 20. Bf3 Rac8 21. Ra4
Rb5 22. Rc4 Rxc4 23. Qxc4 Rc5 24. Qd3 Qc8 25. h3 h6 26. Rd2 Bd8 27. Bb4 Rc1+ 28.
Kh2 Qb8 29. Qa3 Bc7 30. Bc3 Qe8 31. b4 Rf1 32. Qa2 Qc8 33. Qc2 Bd8 34. g3 e4 35.
Bxf6 Qxc2 36. Rxc2 Bxf6 37. Bxe4 g6 38. Bd3 Rd1 39. Bxa6 Rxd5 40. Bc4 Rd1 41.
Be2 Rb1 42. b5 Kg7 43. Ra2 Bd4 44. Kg2 d5 45. b6 Bxb6 46. axb6 Rxb6 47. Rd2 Rd6
48. Bc4 d4 49. Kf3 f5 50. g4 Kf6 51. gxf5 Kxf5 52. Bd3+ Kg5 53. Ke4 Kh5 54. Ke5
Rd8 55. Bf1 d3 56. Rxd3 Rf8 57. f4 Re8+ 58. Kd5 Re1 59. Bg2 Kh4 60. Be4 Rf1 61.
Ke5 h5 62. Rd2 Rg1 63. Rg2 Ra1 64. Rxg6 Kxh3 65. f5 h4 66. f6 Kh2 67. Rg2+ Kh3
68. Rf2 Ra5+ 69. Bd5 Kg3 70. Rf1 1-0

[Event "Indywidualne Mistrzostwa Polski Juniorow do lat 18 - Dziewczeta"]
[Site "Szklarska Poreba"]
[Date "1899-12-30"]
[Round "8.6"]
[White "Dwilewicz, Agata"]
[Black "Raczykowska, Paulina"]
[Result "1/2-1/2"]
[WhiteTitle "k"]
[BlackTitle "k"]
[WhiteElo "1674"]
[BlackElo "1936"]

1. e4 e5 2. Nf3 Nc6 3. Bb5 a6 4. Ba4 Nf6 5. O-O Be7 6. Re1 b5 7. Bb3 d6 8. c3 O-O
9. h3 Na5 10. Bc2 c5 11. d4 Nd7 12. a4 Rb8 13. Nbd2 exd4 14. cxd4 Nc6 15. dxc5
dxc5 16. e5 f6 17. e6 Nde5 18. Nxe5 Nxe5 19. Rxe5 fxe5 20. Qh5 g6 21. Bxg6 hxg6
22. Qxg6+ Kh8 23. Qh6+ Kg8 24. Qg6+ Kh8 25. Qh6+ Kg8 26. Qg6+ Kh8 27. Qh6+ Kg8
28. Qg6+ Kh8 29. Qh6+ Kg8 30. Qg6+ Kh8 1/2-1/2

[Event "Indywidualne Mistrzostwa Polski Juniorow do lat 18 - Dziewczeta"]
[Site "Szklarska Poreba"]
[Date "1899-12-30"]
[Round "8.7"]
[White "Buchta, Agnieszka"]
[Black "Leczek, Weronika"]
[Result "1-0"]
[WhiteTitle "I++"]
[BlackTitle "k"]
[WhiteElo "1792"]
[BlackElo "1823"]

1. e4 c5 2. Nf3 Nc6 3. Nc3 g6 4. d4 cxd4 5. Nxd4 Bg7 6. Nb3 Nf6 7. Be2 O-O 8. O-O
a6 9. Re1 d6 10. Bg5 b5 11. Bf1 h6 12. Bh4 Nd7 13. Rb1 g5 14. Bg3 Nce5 15. a4
bxa4 16. Nxa4 Bb7 17. Nd4 e6 18. Nc3 Qb6 19. Nb3 Nc5 20. Nxc5 Qxc5 21. Qd2 f5
22. exf5 exf5 23. Bxe5 dxe5 24. Rbd1 e4 25. Qd6 Qxd6 26. Rxd6 Rad8 27. Red1 Rxd6
28. Rxd6 Rc8 29. Rb6 Rc7 30. Bxa6 Bxa6 31. Rxa6 Bxc3 32. bxc3 Rxc3 33. Ra2 Kf7
34. Kf1 f4 35. Ke2 e3 36. fxe3 fxe3 37. Rb2 Kg6 38. Kd1 Rc6 39. Rb3 Rd6+ 40. Rd3
Re6 41. Ke2 Rc6 42. c3 Ra6 43. Kxe3 Ra1 44. Rd2 Kf5 45. Kd4 Rh1 46. c4 Kg4 47.
h3+ Kg3 48. c5 Rc1 49. Kd5 h5 50. c6 1-0

[Event "Indywidualne Mistrzostwa Polski Juniorow do lat 18 - Dziewczeta"]
[Site "Szklarska Poreba"]
[Date "1899-12-30"]
[Round "8.8"]
[White "Hryn, Zofia"]
[Black "Frej, Zofia"]
[Result "1-0"]
[WhiteTitle "I++"]
[BlackTitle "k"]
[WhiteElo "1592"]
[BlackElo "2010"]

1. e4 c5 2. Nf3 e6 3. b3 d5 4. exd5 exd5 5. Bb2 Nf6 6. Qe2+ Be6 7. Ng5 Qd7 8. Nxe6
Qxe6 9. Qxe6+ fxe6 10. Bb5+ Kf7 11. O-O a6 12. Be2 Nbd7 13. d3 Bd6 14. f4 Rhe8
15. Nd2 Kg8 16. Rae1 b5 17. g4 Nb6 18. g5 Nfd7 19. Bg4 e5 20. f5 Rf8 21. h4 b4
22. h5 Rae8 23. Bc1 Re7 24. h6 gxh6 25. f6 Ref7 26. Be6 hxg5 27. Nf3 h6 28. Bxg5
Kh7 29. Bxf7 Rxf7 30. Bh4 Nxf6 31. Nxe5 Bxe5 32. Rxe5 Rg7+ 33. Kh1 Nfd7 34. Re7
Rxe7 35. Bxe7 Kg6 36. Kg2 a5 37. Kg3 a4 38. Kf4 Nc8 39. Rg1+ Kf7 40. Bd8 a3 41.
Rh1 Kg6 42. Bc7 Ne7 43. Rg1+ Kf7 44. Rh1 Kg6 45. Be5 Nc6 46. Rg1+ Kf7 47. Rg7+
Ke8 48. Rg8+ Kf7 49. Rg7+ Ke8 50. Bd6 Nd4 51. Re7+ Kd8 52. Rh7 Kc8 53. Rxh6 Kb7
54. Rh2 Nb5 55. Rh7 Kc6 56. Rxd7 Nxd6 57. Rxd6+ Kxd6 58. Kf5 d4 59. Kf6 Kd5 60.
Kf5 Kd6 61. Kf6 Kd5 62. Ke7 Ke5 63. Kd7 Kf4 64. Kc6 Ke3 65. Kxc5 Kd2 66. Kxb4
Kxc2 67. Kc4 Kb2 68. b4 Kxa2 69. b5 Kb2 70. b6 a2 71. b7 a1=Q 72. b8=Q+ Kc1 73.
Qf4+ Kc2 74. Qf2+ Kc1 75. Qg1+ 1-0